Decentralised IMC design using multi-model approach /
Saved in:
| Main Author: | |
|---|---|
| Format: | Thesis Book |
| Language: | English |
| Published: |
2000.
|
| Tags: |
Add Tag
No Tags, Be the first to tag this record!
|
| LEADER | 00716cam a2200205 a 4500 | ||
|---|---|---|---|
| 001 | u505201 | ||
| 003 | SIRSI | ||
| 008 | 020917s2000 si v 00 1 eng m | ||
| 035 | |a ACV-9394 | ||
| 040 | |a UMM | ||
| 090 | |a TD7 |b NUS 2000 Loh | ||
| 100 | 1 | 0 | |a Loh, Christopher Loh kian Keong. |
| 245 | 1 | 0 | |a Decentralised IMC design using multi-model approach / |c Christopher Loh Kian Keong. |
| 260 | |c 2000. | ||
| 300 | |a xii, 88 leaves : |b ill. ; |c 30 cm. | ||
| 502 | |a Dissertation (M.Eng.) -- National University of Singapore, 2001. | ||
| 504 | |a Bibliography: leaves 75-78. | ||
| 948 | |a 10/10/2002 |b 08/11/2002 | ||
| 596 | |a 1 | ||
| 999 | |a TD7 NUS 2000 LOH |w LC |c 1 |i A510891324 |l B_KOM4 |m P01UTAMA |r Y |s Y |t TESIS |u 2/12/2002 |o .PUBLIC. BKOM 4 : 44982 | ||
